| 000 | 00406nam a22001217a 4500 | ||
|---|---|---|---|
| 082 |
_a297 _bKAS _cM |
||
| 100 |
_aKaseer, Hafiz Imad ud din Abul Faid ismail ibn _951103 |
||
| 245 | _a'قرب قیامت کے فتنے اور جنگیں مع قیامت کےبعد کے احوال | ||
| 260 |
_aKarachi, _bDarul Ishat, _c2009. |
||
| 300 | _a485p. | ||
| 526 |
_a0 _b0 _c0 _d297_000000000000000_KAS |
||
| 942 |
_2ddc _cBK |
||
| 999 |
_c553854 _d553854 |
||